| 000 | 00383nam a2200145Ia 4500 | ||
|---|---|---|---|
| 100 | _aTickoo/ Sham | ||
| 650 | _aAutomobiles | ||
| 942 | _cBK | ||
| 366 | _f15 | ||
| 654 | _aPro/Engineer wildfire for Engineers & designers Release 2.0 | ||
| 245 | _aPro/Engineer wildfire for Engineers & designers Release 2.0 | ||
| 260 |
_bDreamtech _aNewDelhi |
||
| 300 | _a499 | ||
| 546 | _aENGLISH | ||
| 999 |
_c21834 _d21834 |
||